000 00319nam a22001337a 4500
008 170302b xxu||||| |||| 00| 0 eng d
020 _a0801606985
041 _aeng
080 _a2ND
100 _a6
101 _aSHM
245 _aTEXTBOOK OF RADIOGRAPHIC POSITIONING AND RELATED ANATOMY
_cBONTRAGER
942 _2udc
_cBK
999 _c6569
_d6569